| 000 | 00597cab a2200229 4500 | ||
|---|---|---|---|
| 001 | WB3415-20 | ||
| 008 | 090401t1998 xxu||||| |||| 00| 0 eng d | ||
| 035 | _a(Sirsi) u85667 | ||
| 041 | _aeng | ||
| 245 | _aListed status | ||
| 260 | _c1998 | ||
| 350 | _a0 | ||
| 490 |
_aTimes _v17 April 1998, 6(1) |
||
| 520 | _aTwenty postwar public sculptures have been given listed status. Details of works listed. | ||
| 650 | _aLISTED SCULPTURES | ||
| 650 | _aLISTING | ||
| 650 | _aPUBLIC MONUMENTS | ||
| 650 | _aPUBLIC SCULPTURES | ||
| 690 | _aCONSERVATION | ||
| 942 | _n0 | ||
| 948 | _c17/04/1998 | ||
| 999 |
_c53883 _d53883 |
||